Biblioteca

Andar en el encanto de la palabra : (Registro nro. 71293)

Detalles MARC
000 -LÍDER
Campo fijo de descripción fija 01783nam a2200385 i 4500
001 - NÚMERO DE CONTROL
Campo de control 768714001
003 - IDENTIFICADOR DEL NÚMERO DE CONTROL
Campo de control CO-MdFUSB
005 - FECHA Y HORA DE LA ULTIMA TRANSACCIÓN
control field 20260428161150.0
007 - CAMPO FIJO DE DESCRIPCIÓN FIJA--INFORMACIÓN GENERAL
Campo fijo de descripción fija ta
008 - ELEMENTOS DE LONGITUD FIJA -- INFORMACIÓN GENERAL
Campo fijo de descripción fija -- Información general 240815t20122022ck |||| b||| 001 0 spa d
020 ## - NÚMERO INTERNACIONAL NORMALIZADO PARA LIBROS
Número Internacional Normalizado del libro 978-958-57348-0-7
040 ## - FUENTE DE CATALOGACIÓN
Agencia de catalogación original CO-MdFUSB
Idioma de catalogación spa
Agencia que realiza la transcripción CO-MdFUSB
Agencia que realiza la modificación CO-MdFUSBC
Convenciones de la descripción rda
041 ## - CÓDIGO DE IDIOMA
Código de idioma para texto/pista de sonido o título separado spa
082 ## - NÚMERO DE CLASIFICACIÓN DECIMAL DEWEY
Número de la edición del Dewey 23
Número de clasificación 220.6
Clave de autor-Numero de item C235
100 ## - ASIENTO PRINCIPAL--NOMBRE PERSONAL
Nombre personal Cañaveral Orozco, Aníbal
Término relacionador autor
245 1# - TÍTULO
Título del Material Andar en el encanto de la palabra :
Parte restante del título - Subtitulo diálogo de saberes en artífices, entradas, llaves y claves
Mención de responsabilidad, etc. / Aníbal Cañaveral Orozco.
250 ## - MENCIÓN DE EDICIÓN
Mención de edición Segunda edición
264 #1 - PRODUCCIÓN, PUBLICACIÓN, DISTRIBUCIÓN, MANUFACTURA, Y COPYRIGHT
Lugar de producción, publicación, distribución, manufactura Medellín, Colombia :
Nombre del productor, publicador, distribuidor Cooimpresos
Fecha de producción, publicación, distribución, manufactura, o copyright [2022]
264 #4 - PRODUCCIÓN, PUBLICACIÓN, DISTRIBUCIÓN, MANUFACTURA, Y COPYRIGHT
Fecha de producción, publicación, distribución, manufactura, o copyright ©2022
300 ## - DESCRIPCIÓN FÍSICA
Extensión 229 páginas
Dimensiones ; 21 cm
336 ## - TIPO DE CONTENIDO
Fuente rdacontent
Término de tipo de contenido texto
Código de tipo de contenido txt
337 ## - TIPO DE MEDIO
Fuente rdamedia
Nombre del tipo de medio sin mediación
Código del tipo de medio n
338 ## - TIPO DE SOPORTE
Fuente rdacarrier
Nombre del tipo de soporte volumen
Código Tipo de soporte nc
490 ## - MENCIÓN DE SERIE
Mención de serie Tierra y cántaro
500 ## - NOTA GENERAL
Nota General Incluye índice general ; nota conclusiva ; bibliografía.
505 ## - NOTA DE CONTENIDO
Nota de contenido con formato preestablecido Las diversas palpitaciones de sus antecedentes. -- Introducción sobre la génesis del método. -- El antecedente de la Reforma protestante. -- Punto de partida: la experiencia personal. -- La lectura bíblica en ambientes cristianos: protestantes, evangélicos y católicos. -- Eventos y expresiones significativas en el continente. -- Puntos de quiebre y sentidos de interpretación. -- ¿Cómo fue que resultamos hablando de este método?. -- Espacios de identificación, crecimiento y reconocimiento del método. -- Asomos de la memoria escrita. -- Conclusiones. -- Bibliografía
563 ## - NOTA DE ENCUADERNACIÓN
Nota de encuadernación Rústica
650 #0 - ASIENTO SECUNDARIO DE MATERIA - TERMINO TEMÁTICO
Término temático o nombre geográfico como elemento de entrada Educación
9 (RLIN) 984
650 #7 - ASIENTO SECUNDARIO DE MATERIA - TERMINO TEMÁTICO
Término temático o nombre geográfico como elemento de entrada Cultura
Fuente del encabezamiento o término sears
9 (RLIN) 3
653 ## - TÉRMINO DE INDIZACIÓN - NO CONTROLADO
Término no controlado Comunicación — Ensayos
653 ## - TÉRMINO DE INDIZACIÓN - NO CONTROLADO
Término no controlado Hermenéutica
653 ## - TÉRMINO DE INDIZACIÓN - NO CONTROLADO
Término no controlado Lectura — Métodos
942 ## - TIPO DE MATERIAL (KOHA)
Tipo de Item KOHA Libros General
945 ## - INFORMACIÓN LOCAL DEL REGISTRO
Catalogador Catherine Arias Alvarez
Existencias
Estado de Material Estado de Perdido Forma de Clasificación Estado de Dañado No para Préstamo Colección Biblioteca de Origen Biblioteca Permanente Fecha de Adquisición Área Total de Préstamos Signatura Topográfica Código de Barras Última vez visto Ejemplar/Existencia Fecha de Remplazo Tipo de Material
    Dewey Decimal Classification     Colección General Biblioteca FUSBC Biblioteca FUSBC 22/04/2025 BIBLIA   G 220.6 C235a 25348 22/04/2025 Ej. 1 22/04/2025 Libros General

Biblioteca FUSBC | Teléfono: (57+4) 349 88 10 Ext. 141| WhatsApp (+57) 3005338115 
E-mail: biblioteca@unisbc.edu.co | Calle 76 87-14 Robledo Palenque, Medellín, Colombia

Con tecnología Koha